A hundred poll petitions since 1970 /

Saved in:
Bibliographic Details
Corporate Author: India. Supreme Court
Other Authors: Shiv Lal
Format: Book
Language:English
Published: New Delhi : Election Archives, 1979.
Subjects:
LEADER 01007nam a2200277 i 4500
001 c000242596
003 CARM
005 00000000000000.0
008 840308s1979 ii 000 0 eng d
019 1 |a 9239263  |5 LACONCORD2021 
035 |a (OCoLC)221271510  |5 LACONCORD2021 
043 |a a-ii--- 
045 |a x7x7 
082 0 4 |a 347.54035 
110 1 |a India.  |b Supreme Court. 
245 1 2 |a A hundred poll petitions since 1970 /  |c Shiv Lal. 
260 |a New Delhi :  |b Election Archives,  |c 1979. 
300 |a 2v. 
610 1 0 |a India.  |b Supreme Court. 
650 0 |a Elections  |z India. 
700 0 |a Shiv Lal. 
852 8 |b CARM  |h A1:AQ13F0  |i C09001  |p 0363338  |f BK 
852 8 |b CARM  |h A1:AQ13F0  |i C09001  |p 0363341  |f BK 
999 f f |i 56a71b44-7768-5ba7-92d9-515fdfa79558  |s 93652fec-b853-598b-98b6-f8dc04df16f5 
952 f f |p Can circulate  |a CAVAL  |b CAVAL  |c CAVAL  |d CARM 1 Store  |e C09001  |f A1:AQ13F0  |h Other scheme  |i book  |m 0363338 
952 f f |p Can circulate  |a CAVAL  |b CAVAL  |c CAVAL  |d CARM 1 Store  |e C09001  |f A1:AQ13F0  |h Other scheme  |i book  |m 0363341